000
00301nam a22001337a 4500
008
181006b xxu||||| |||| 00| 0 eng d
020
_a
0812211677
041
_a
eng
080
_a
941
100
_a
17
101
_a
HIS
245
_a
The Origins of the Federal Republic
_c
Onuf, P.S
942
_2
udc
_c
BK
999
_c
48954
_d
48954